Christopher Walken Filmography - Statistics

General Stats
  • This quiz has been taken 227 times
    65 since last reset
  • The average score is 19 of 193
Answer Stats
Type Year Name % Correct
Film 1978 The Deer Hunter
86%
Film 1994 Pulp Fiction
68%
Film 2002 Catch Me If You Can
64%
TV Show 1990-2023 Saturday Night Live
64%
Film 2024 Dune: Part Two
50%
Film 2012 Seven Psychopaths
46%
Film 1999 Sleepy Hollow
46%
Film 1985 A View to a Kill
43%
Film 2006 Click
43%
Film 1993 True Romance
43%
Film 1977 Annie Hall
39%
Film 1992 Batman Returns
39%
Theater 1999-2000 James Joyce's The Dead
39%
Film 1983 The Dead Zone
39%
Film 1990 King of New York
36%
Film 2004 Man on Fire
32%
Web Series 2022-Present Severance
32%
Music Video 2001 Weapon of Choice
32%
Film 2007 Balls of Fury
29%
Theater 1968, 2012 Romeo and Juliet
29%
Film 1980 Heaven's Gate
25%
Theater 1974 Macbeth
25%
Film 2016 The Jungle Book
25%
Web Series 2021-Present The Outlaws
25%
Film 1995 The Prophecy
25%
Film 2007 Hairspray
21%
Film 2000 The Prophecy 3: The Ascent
21%
Film 1998 The Prophecy II
21%
TV Show 2009 30 Rock
18%
Film 1998 Antz
18%
Film 1999 Blast from the Past
18%
Film 2003 Gigli
18%
TV Show 1970 Hawaii Five-O
18%
Film 2001 Joe Dirt
18%
Film 1996 Last Man Standing
18%
Theater 1991 Othello
18%
Film 2020 The War with Grandpa
18%
Film 2005 Wedding Crashers
18%
Theater 1968 A Midsummer Night's Dream
14%
Film 1986 At Close Range
14%
Theater 1988-1989 Coriolanus
14%
Film 2015 Joe Dirt 2: Beautiful Loser
14%
Film 2011 Kill the Irishman
14%
Film 1997 MouseHunt
14%
Film 1997 Suicide Kings
14%
Film 2003 The Rundown
14%
Theater 1980, 1994, 2001 The Seagull
14%
Film 1988 Biloxi Blues
11%
Film 1983 Brainstorm
11%
TV Mini-Series 2004 Caesar
11%
Film 1989 Communion
11%
Film 2005 Domino
11%
Film 2004 Envy
11%
Film 2003 Kangaroo Jack
11%
TV Show 1977 Kojak
11%
Film 1979 Last Embrace
11%
Film 2006 Man of the Year
11%
Film 2016 Nine Lives
11%
TV Special 2014 Peter Pan Live!
11%
TV Film 1991 Sarah, Plain and Tall
11%
TV Film 1993 Scam
11%
Film 2001 The Country Bears
11%
Film 1980 The Dogs of War
11%
Film 2019 The Jesus Rolls
11%
Film 2009 The Maiden Heist
11%
Theater 1973 The Merchant of Venice
11%
Theater 1974 The Tempest
11%
Film 1995 Things to Do in Denver When You're Dead
11%
TV Film 1999 Vendetta
11%
Film 2020 Wild Mountain Thyme
11%
Film 1991 All-American Murder
7%
Film 1996 Basquiat
7%
Film 2011 Dark Horse
7%
Film 1997 Excess Baggage
7%
Film 2017 Father Figures
7%
Film 1998 New Rose Hotel
7%
Film 1995 Nick of Time
7%
Film 1981 Pennies from Heaven
7%
Film 2020 Percy
7%
Film 2006 Romance & Cigarettes
7%
Film 2012 Stand Up Guys
7%
Film TBA That's Amore!
7%
Film 1971 The Anderson Tapes
7%
Film 1996 The Funeral
7%
TV Show 1954 The Guiding Light
7%
Film 1977 The Sentinel
7%
Film 2004 The Stepford Wives
7%
Video Game 2005 True Crime: New York City
7%
Video Game 2003 True Crime: Streets of L.A.
7%
TV Film 2014 Turks & Caicos
7%
Film 1993 Wayne's World 2
7%
Theater 2010 A Behanding in Spokane
4%
Film 1994 A Business Affair
4%
Film 2001 America's Sweethearts
4%
Film 2004 Around the Bend
4%
Music Video 1993 Bad Girl
4%
TV Show 1960 Deadline
4%
Film 1987 Deadline
4%
Short Film 2008 Disaster! A Major Motion Picture Ride... Starring You!
4%
Film 2016 Eddie the Eagle
4%
Short Film 2002 Engine Trouble
4%
Film 2006 Fade to Black
4%
Film 2013 Gods Behaving Badly
4%
Theater 1994-1995 Him
4%
Film 2018 Irreplaceable You
4%
Film 2014 Jersey Boys
4%
Film 1999 Kiss Toledo Goodbye
4%
Film 1991 McBain
4%
Film 1976 Next Stop, Greenwich Village
4%
Film 2002 Plots with a View
4%
Film 2002 Poolhall Junkies
4%
Short Film 2001 Popcorn Shrimp
4%
TV Film 1999 Sarah, Plain and Tall: Winter's End
4%
TV Film 1993 Skylark
4%
Film 1995 The Addiction
4%
Film 2001 The Affair of the Necklace
4%
Short Film 1956 The Boy Who Saw Through
4%
Film 2015 The Family Fang
4%
Theater 1968 The Three Musketeers
4%
TV Film 1969 The Three Musketeers
4%
Theater 1988 Uncle Vanya
4%
Film 2012 A Late Quartet
0%
Commercial 2017 BAI
0%
Theater 1965 Baker Street
0%
TV Film 1966 Barefoot in Athens
0%
Theater 1963 Best Foot Forward
0%
Commercial 2024 BMW
0%
Music Video 1995 Breakin' Down
0%
Theater 1971-1972 Caligula
0%
Film 1996 Celluloide
0%
Theater 1984 Cinders
0%
Film 1970 Cleopatra
0%
Short Film 2012 Cooking with Christopher Walken
0%
TV Special 2016 David Blaine: Beyond Magic
0%
Film 1992 Day of Atonement
0%
Theater 1972 Enemies
0%
Film 2008 Evil Calls: The Raven
0%
Film 2008 Five Dollars a Day
0%
TV Show 1987 Great Performances
0%
Theater 1964-1965 High Spirits
0%
Film 1988 Homeboy
0%
Theater 1984-1985 Hurlyburly
0%
Film 1998 Illuminata
0%
Theater 1967-1968 Iphigenia in Aulis
0%
Theater 1983 Ivanov
0%
Theater 1958-1959 J.B.
0%
Film 2001 Jungle Juice
0%
Commercial 2016 Kia
0%
Theater 1975 Kid Champion
0%
Theater 1970 Lemon Sky
0%
Film 2010 Life's a Beach
0%
Theater 1989 Love Letters
0%
Film 1969 Me and My Brother
0%
Theater 1966 Measure for Measure
0%
Film 1992 Mistress
0%
TV Show 1963 Naked City
0%
TV Show 1970 NET Playhouse
0%
Film 2015 One More Time
0%
Video Game 1996 Privateer 2: The Darkening
0%
Film 1988 Puss in Boots
0%
Podcast 2023 Radio Play Revival
0%
Video Game 1996 Ripper
0%
Film 1977 Roseland
0%
Film 2001 Scotland, PA
0%
Film 1995 Search and Destroy
0%
Film 1978 Shoot the Sun Down
0%
Theater 1975 Summer and Smoke
0%
Theater 1975-1976 Sweet Bird of Youth
0%
Theater 1952 The Climate of Eden
0%
Film 1990 The Comfort of Strangers
0%
Theater 1986 The House of Blue Leaves
0%
Theater 1966 The Lion in Winter
0%
Film 1988 The Milagro Beanfield War
0%
TV Film 1972 The Mind Snatchers
0%
TV Show 1954 The Motorola Television Hour
0%
TV Show 1970 The New York Television Theatre
0%
Theater 1970 The Night Thoreau Spent in Jail
0%
Film 2000 The Opportunists
0%
Theater 1973 The Plough and the Stars
0%
Film 2013 The Power of Few
0%
Theater 1966 The Rose Tattoo
0%
Theater 1971 The Tale of Cymbeline
0%
Theater 1987 The Three Sisters
0%
Theater 1967 The Unknown Soldier and His Wife
0%
Theater 1958 The Visit
0%
TV Show 1953 The Wonderful John Acton
0%
Film 1997 Touch
0%
Film 1998 Trance
0%
Theater 1973 Troilus and Cressida
0%
TV Film 1975 Valley Forge
0%
Theater 1965 West Side Story
0%
Film 1982 Who Am I This Time?
0%
Film 1995 Wild Side
0%
No matching quizzes found
Score Distribution
Percent of People with Each Score
Percentile by Number Answered
Your Score History
You have not taken this quiz since the last reset